| 000 | 00729cam a2200265 4500 | ||
|---|---|---|---|
| 001 | J93312 | ||
| 008 | 090401t1998 xxu||||| |||| 00| 0 eng d | ||
| 035 | _a(Sirsi) u87882 | ||
| 041 | _aeng | ||
| 050 | _a333.33 | ||
| 110 |
_aFPDSavills _93625 |
||
| 245 | 4 | _aThe emerging residential investment sector. - Summer 1998 | |
| 260 |
_aLondon _bFPDSavills _c1998 |
||
| 300 | _a(8)p. ; 30cm. | ||
| 350 | _a0 | ||
| 650 | _aPRIVATE RENTED SECTOR | ||
| 650 | _aPROPERTY INVESTMENT | ||
| 650 | _aRESIDENTIAL INVESTMENT MARKET | ||
| 650 | _aRESIDENTIAL LETTINGS | ||
| 650 |
_aRESIDENTIAL PROPERTY _96266 |
||
| 690 | _aPROPERTY-PROPERTY FINANCE AND INVESTMENT | ||
| 710 |
_aSavills _92020 |
||
| 942 | _n0 | ||
| 948 | _c06/08/1998 | ||
| 999 |
_c97278 _d97278 |
||